[Event "35th Zalakaros Open 2016"]
[Site "Zalakaros HUN"]
[Date "2016.06.04"]
[Round "9.10"]
[White "Mihok, Oliver"]
[Black "Romanov, Evgeny"]
[Result "1/2-1/2"]
[WhiteTitle "GM"]
[BlackTitle "GM"]
[WhiteElo "2498"]
[BlackElo "2641"]
[WhiteFideId "728012"]
[BlackFideId "4148843"]
[EventDate "2016.05.27"]

1. e4 c5 2. Nf3 e6 3. d4 cxd4 4. Nxd4 a6 5. Nc3 b5 6. Bd3 Qb6 7. Nb3 Qc7 8. O-O
Nf6 9. f4 b4 10. Ne2 Bb7 11. e5 Nd5 12. Ng3 Be7 13. Kh1 f5 14. exf6 Nxf6 15. Be3
O-O 16. Nh5 Nc6 17. Nxf6+ Rxf6 18. Qe2 a5 19. Nc5 Raf8 20. Nxb7 Qxb7 21. Be4 d5
22. Bf3 Rc8 23. g3 Nd8 24. Bd4 Rf7 25. c4 bxc3 26. bxc3 Qc6 27. Rab1 Bf6 28. Rb6
Qc7 29. Rfb1 Bxd4 30. cxd4 g6 31. Bg4 Re7 32. Qe5 Qxe5 33. dxe5 h5 34. Bh3 Kf7
35. R6b5 Rc2 36. Rxa5 Rec7 37. Bf1 g5 38. Ra8 Nc6 39. Rh8 Ne7 40. Rh7+ Kg8 41.
Rxh5 gxf4 42. gxf4 Rc1 43. Rg5+ Kf7 44. Rxc1 Rxc1 45. Rg1 Ra1 46. Be2 Rxa2 47.
Bh5+ Kf8 48. Bg4 Rf2 49. Bxe6 Rxf4 50. Rg4 Rxg4 51. Bxg4 Ng6 52. e6 Ke7 53. Kg1
Nf4 54. Kf2 Nxe6 55. Bxe6 Kxe6 56. Ke3 Kf5 57. Kd4 Kg4 58. h3+ Kxh3 59. Kxd5 1/2-1/2

[Event "35th Zalakaros Open 2016"]
[Site "Zalakaros HUN"]
[Date "2016.06.04"]
[Round "9.11"]
[White "Horvath, Adam1"]
[Black "Shyam, Sundar M."]
[Result "1/2-1/2"]
[WhiteTitle "GM"]
[BlackTitle "GM"]
[WhiteElo "2515"]
[BlackElo "2530"]
[WhiteFideId "708003"]
[BlackFideId "5019141"]
[EventDate "2016.05.27"]

1. e4 c5 2. Nf3 d6 3. d4 cxd4 4. Nxd4 Nf6 5. Nc3 a6 6. Be2 e5 7. Nb3 Be7 8. Bg5
Be6 9. Bxf6 Bxf6 10. Qd3 Be7 11. Nd5 Bxd5 12. Qxd5 Qc7 13. Na5 Nc6 14. Nc4 Nd4
15. Bd3 Rc8 16. c3 Ne6 17. g3 O-O 18. h4 g6 19. Rd1 Kg7 20. Be2 Nc5 21. O-O Na4
22. Qd2 b5 23. Ne3 Nb6 24. Bg4 Rcd8 25. Qe2 d5 26. Nxd5 Nxd5 27. Rxd5 Rxd5 28.
exd5 f5 29. Bh3 e4 30. a4 Bc5 31. Kh1 f4 32. b4 Ba7 33. Qxe4 fxg3 34. fxg3 Rxf1+
35. Bxf1 bxa4 36. d6 Qf7 37. Bc4 Qf2 38. Qe5+ Kh6 39. Qg5+ Kg7 40. Qe5+ Kh6 41.
Qf4+ Qxf4 42. gxf4 Kh5 43. Bxa6 Kg4 44. Bd3 Bb8 45. d7 Bc7 46. c4 a3 47. Bb1
Kxf4 48. c5 Ke5 49. b5 Ke6 50. b6 Kxd7 51. bxc7 Kxc7 52. Kg2 Kc6 53. Kf3 Kxc5
54. Kf4 h6 55. Ke5 g5 56. hxg5 hxg5 57. Kf5 Kb4 58. Kxg5 Kb3 59. Bf5 a2 60. Be6+
Ka3 1/2-1/2

[Event "35th Zalakaros Open 2016"]
[Site "Zalakaros HUN"]
[Date "2016.06.04"]
[Round "9.12"]
[White "Ben Artzi, Ido"]
[Black "Kulon, Klaudia"]
[Result "1-0"]
[WhiteTitle "IM"]
[BlackTitle "WGM"]
[WhiteElo "2399"]
[BlackElo "2304"]
[WhiteFideId "2810913"]
[BlackFideId "1131044"]
[EventDate "2016.05.27"]

1. d4 Nf6 2. c4 g6 3. Nc3 Bg7 4. e4 d6 5. f3 O-O 6. Be3 c5 7. dxc5 dxc5 8. Qxd8
Rxd8 9. Bxc5 Nc6 10. Nge2 b6 11. Ba3 Ba6 12. Nb5 Rd7 13. Nec3 Bb7 14. Nd5 e6 15.
Nxf6+ Bxf6 16. Be2 Rad8 17. Rd1 a6 18. Rxd7 Rxd7 19. Nd6 Bxb2 20. Bxb2 Rxd6 21.
e5 Rd7 22. Kf2 b5 23. Rb1 b4 24. Ke3 a5 25. Rd1 Rc7 26. Rd6 g5 27. Bd1 Ne7 28.
Kd3 Nf5 29. Ba4 Nh4 30. Rd8+ Kg7 31. Bd4 Nxg2 32. Bb6 Ne1+ 33. Ke2 Rxc4 34. Kxe1
Bxf3 35. Bxa5 Rc5 36. Bxb4 Rxe5+ 37. Kf2 Rf5 38. Bc3+ Kh6 39. Ke1 Be4 40. Rd4
Bb1 41. Bb3 Rf3 42. Bb4 Rh3 43. Bd6 e5 44. Rb4 Kg6 45. Rb6 Kf5 46. Bc4 Bc2 47.
Bxf7 Rxh2 48. Rb5 Rh1+ 49. Kf2 Kf6 50. Bb3 Rf1+ 51. Kxf1 Bd3+ 52. Kf2 Bxb5 53.
a4 Ba6 54. Ke3 Kf5 55. Bc2+ Ke6 56. Bb8 h5 57. Bb3+ Kf5 58. Bc2+ Ke6 59. Bg6 h4
60. Kf3 Bb7+ 61. Kg4 Kf6 62. Bd3 e4 63. Be2 Kg6 64. Kh3 Bc8+ 65. Bg4 e3 66. Ba7
e2 67. Bf2 Ba6 68. Kg2 Kf6 69. Kf3 Ke7 70. Ke3 Kd6 71. Kd4 Kc6 72. Be1 Kd6 73.
Bf2 Kc6 74. Ke5 Bd3 75. Kf6 Kd5 76. Kxg5 Kc4 77. Be1 Kb3 78. a5 h3 79. Bxh3 Kc2
80. Bg4 Ba6 81. Kf6 Kd3 82. Ke5 Ke3 83. Bh5 Bd3 84. Kd6 Kf4 85. Kc7 Kg5 86. Bf3
Kf4 87. Bc6 Ke3 88. Kb6 Kd4 89. Bb5 1-0

[Event "35th Zalakaros Open 2016"]
[Site "Zalakaros HUN"]
[Date "2016.06.04"]
[Round "9.13"]
[White "Hnydiuk, Aleksander"]
[Black "Aczel, Gergely"]
[Result "1-0"]
[WhiteTitle "IM"]
[BlackTitle "IM"]
[WhiteElo "2381"]
[BlackElo "2502"]
[WhiteFideId "1109057"]
[BlackFideId "727709"]
[EventDate "2016.05.27"]

1. Nf3 d6 2. d4 f5 3. g3 Nf6 4. Bg2 g6 5. O-O Bg7 6. c4 O-O 7. Nc3 c6 8. d5 e5
9. dxe6 Bxe6 10. Bf4 Bxc4 11. Qxd6 Qxd6 12. Bxd6 Re8 13. Rfd1 Ne4 14. Nxe4 fxe4
15. Nd2 Bd5 16. Rac1 e3 17. Bxd5+ cxd5 18. fxe3 Nc6 19. Nf1 d4 20. Bc5 Rad8 21.
Rc2 dxe3 22. Rxd8 Rxd8 23. Bxe3 a6 24. Kf2 Nb4 25. Rc4 Nd5 26. Bc1 Rf8+ 27. Kg2
b5 28. Re4 Rc8 29. Bd2 Bxb2 30. Re6 Rc2 31. Rxa6 Bc3 32. Rd6 Bxd2 33. Rxd5 Bh6
34. Kf3 b4 35. Rd8+ Kf7 36. Rd7+ Ke6 37. Rxh7 Bc1 38. Rb7 Ba3 39. Rb6+ Kf7 40.
Rb7+ Ke6 41. Rb6+ Kf7 42. Ne3 Rxa2 43. Nc4 Rc2 44. Ne5+ Ke8 45. Nd3 Rc3 46. Rxg6
Kd7 47. Ra6 b3 48. Rxa3 b2 49. Rxc3 b1=Q 50. Rc1 Qb7+ 51. Kf2 Qb6+ 52. Rc5 Qf6+
53. Kg2 Qd4 54. Re5 Kd6 55. h4 Qg4 56. h5 Qg8 57. Kh3 Qf7 58. g4 Qf1+ 59. Kh4
Qf6+ 60. g5 Qf1 61. h6 Qf7 62. Kg4 Qg6 63. Nf4 1-0

[Event "35th Zalakaros Open 2016"]
[Site "Zalakaros HUN"]
[Date "2016.06.04"]
[Round "9.14"]
[White "Butkiewicz, Lukasz"]
[Black "Erdos, Viktor"]
[Result "0-1"]
[WhiteTitle "IM"]
[BlackTitle "GM"]
[WhiteElo "2429"]
[BlackElo "2577"]
[WhiteFideId "1122428"]
[BlackFideId "719978"]
[EventDate "2016.05.27"]

1. e4 c5 2. Nf3 Nc6 3. d4 cxd4 4. Nxd4 g6 5. Nc3 Bg7 6. Be3 Nf6 7. Bc4 O-O 8.
Bb3 Re8 9. h3 d6 10. O-O Na5 11. f4 b6 12. Qd3 Nxb3 13. axb3 Bb7 14. Rfe1 Nd7
15. Bf2 a6 16. Rad1 Rc8 17. e5 dxe5 18. Ne6 fxe6 19. Qxd7 Qxd7 20. Rxd7 Bc6 21.
Ra7 exf4 22. Bxb6 Bd5 23. Re2 Rc6 24. Bf2 Bf6 25. Rd2 g5 26. Bd4 Kf7 27. Bxf6
Kxf6 28. Rd4 Rd8 29. Ra4 Rdd6 30. Ra1 h6 31. Rd1 Rb6 32. Rc7 Bc6 33. Rxd6 exd6
34. Rh7 Kg6 35. Re7 Kf6 36. Rh7 Kg6 37. Re7 Kf5 38. Rh7 Be8 39. Rxh6 Bg6 40. Ne2
e5 41. Nc3 Rb7 42. Nd5 e4 43. h4 e3 44. c4 Bf7 45. hxg5 Kxg5 46. Rxd6 Rxb3 47.
Rxa6 Rxb2 48. Ra1 Bxd5 49. cxd5 Kg4 50. d6 Kg3 51. Kf1 Rxg2 52. Ra7 Rd2 53. Rd7
f3 54. Rg7+ Kh4 0-1

[Event "35th Zalakaros Open 2016"]
[Site "Zalakaros HUN"]
[Date "2016.06.04"]
[Round "9.15"]
[White "Livaic, Leon"]
[Black "Horvath, Jozsef1"]
[Result "1/2-1/2"]
[WhiteTitle "FM"]
[BlackTitle "GM"]
[WhiteElo "2428"]
[BlackElo "2528"]
[WhiteFideId "14531534"]
[BlackFideId "700061"]
[EventDate "2016.05.27"]

1. d4 Nf6 2. c4 g6 3. Nc3 d5 4. cxd5 Nxd5 5. e4 Nxc3 6. bxc3 Bg7 7. Qa4+ Nd7 8.
Nf3 c5 9. Be2 O-O 10. O-O cxd4 11. cxd4 Nc5 12. dxc5 Bxa1 13. e5 Bd7 14. Qb4 Bc6
15. Bh6 a5 16. Qf4 Bxf3 17. Bxf3 Qd4 18. Qxd4 Bxd4 19. Bxf8 Rxf8 20. Bxb7 Bxc5
21. Rc1 Bd4 22. e6 fxe6 23. Rc8 Bxf2+ 24. Kf1 Bd4+ 25. Rxf8+ Kxf8 26. Ke2 Kg7 1/2-1/2

[Event "35th Zalakaros Open 2016"]
[Site "Zalakaros HUN"]
[Date "2016.06.04"]
[Round "9.16"]
[White "Miron, Lucian-Costin"]
[Black "Vertetics, Attila"]
[Result "0-1"]
[WhiteTitle "IM"]
[BlackTitle "IM"]
[WhiteElo "2524"]
[BlackElo "2425"]
[WhiteFideId "1210920"]
[BlackFideId "723720"]
[EventDate "2016.05.27"]

1. d4 Nf6 2. c4 e6 3. Nc3 Bb4 4. Qc2 O-O 5. a3 Bxc3+ 6. Qxc3 d6 7. Bg5 Nbd7 8.
e3 b6 9. Ne2 c5 10. Qc2 Qc7 11. Rd1 Ba6 12. Qa4 Bb7 13. Nc3 cxd4 14. Rxd4 d5 15.
cxd5 Nxd5 16. Nxd5 Bxd5 17. f3 Nc5 18. Qd1 Bb3 19. Qb1 f6 20. Bh4 Rfd8 21. Be2
e5 22. Rxd8+ Rxd8 23. O-O Rd2 24. Bd1 Bxd1 25. Rxd1 Qd7 26. Rf1 Qd3 27. Qxd3
Nxd3 28. b4 Ra2 29. b5 Rxa3 30. Rb1 Kf7 31. e4 Ke6 32. Bf2 Ra2 33. Bg3 Rc2 34.
Kf1 Rc1+ 35. Rxc1 Nxc1 36. Bf2 Kd6 0-1

[Event "35th Zalakaros Open 2016"]
[Site "Zalakaros HUN"]
[Date "2016.06.04"]
[Round "9.17"]
[White "Andersen, Mads"]
[Black "Dragnev, Valentin"]
[Result "1-0"]
[WhiteTitle "GM"]
[BlackTitle "IM"]
[WhiteElo "2505"]
[BlackElo "2423"]
[WhiteFideId "1413864"]
[BlackFideId "1634852"]
[EventDate "2016.05.27"]

1. e4 e5 2. Nf3 Nc6 3. Bb5 a6 4. Ba4 Nf6 5. O-O Be7 6. Re1 b5 7. Bb3 d6 8. c3
O-O 9. d4 Bg4 10. Be3 exd4 11. cxd4 d5 12. e5 Ne4 13. h3 Bh5 14. Nbd2 Nxd2 15.
Qxd2 Bb4 16. Qc2 Na5 17. Bd2 Bg6 18. Qc1 Bxd2 19. Nxd2 Rc8 20. Bd1 Qe7 21. Bg4
Ra8 22. Nb3 Nc4 23. Nc5 Nb6 24. b3 a5 25. a4 bxa4 26. bxa4 Rfb8 27. Be2 c6 28.
Qc3 Nd7 29. Nb3 Qb4 30. Qxc6 Nb6 31. Nc5 Qxd4 32. Bg4 h5 33. Rad1 Qb4 34. Bd7
Rc8 35. Bxc8 Rxc8 36. Qb7 Qxc5 37. e6 Rc7 38. Qb8+ Rc8 39. Qa7 fxe6 40. Rxe6 Bc2
41. Re7 Qc3 42. Rde1 Rc6 43. R1e5 Nd7 44. Qxd7 1-0

[Event "35th Zalakaros Open 2016"]
[Site "Zalakaros HUN"]
[Date "2016.06.04"]
[Round "9.18"]
[White "Sundararajan, Kidambi"]
[Black "Meszaros, Tamas"]
[Result "1/2-1/2"]
[WhiteTitle "GM"]
[BlackTitle "IM"]
[WhiteElo "2469"]
[BlackElo "2409"]
[WhiteFideId "5005370"]
[BlackFideId "717410"]
[EventDate "2016.05.27"]

1. d4 Nf6 2. Bf4 e6 3. e3 b6 4. Nf3 Bb7 5. h3 c5 6. Bd3 cxd4 7. exd4 Be7 8. O-O
O-O 9. Re1 a6 10. a4 d6 11. Nbd2 Re8 12. c3 Nbd7 13. Bh2 Bf8 14. Nc4 Qc7 15. Ne3
g6 16. Rc1 Rad8 17. Qe2 Qc8 18. b4 e5 19. dxe5 dxe5 20. Bc4 Bh6 21. Rcd1 e4 22.
Nd4 Ne5 23. Bxe5 Rxe5 24. b5 a5 25. Nc6 Rxd1 26. Nxe5 Rxe1+ 27. Qxe1 Qc7 28.
N3g4 Nxg4 29. Nxg4 Qxc4 30. Nxh6+ Kg7 31. Ng4 h5 32. Ne3 Qxa4 33. c4 Qb3 34.
Qa1+ Kg8 35. Qe5 a4 36. Qb8+ Kg7 37. Qe5+ Kg8 38. Qb8+ Kg7 39. Qe5+ 1/2-1/2

[Event "35th Zalakaros Open 2016"]
[Site "Zalakaros HUN"]
[Date "2016.06.04"]
[Round "9.19"]
[White "Kantor, Gergely"]
[Black "Korpa, Bence"]
[Result "1-0"]
[WhiteTitle "IM"]
[BlackTitle "IM"]
[WhiteElo "2424"]
[BlackElo "2461"]
[WhiteFideId "751499"]
[BlackFideId "706671"]
[EventDate "2016.05.27"]

1. d4 d5 2. c4 dxc4 3. Nf3 Nf6 4. e3 e6 5. Bxc4 a6 6. O-O b5 7. Bd3 Bb7 8. a4 b4
9. Nbd2 c5 10. e4 Nc6 11. e5 Nd7 12. Be4 cxd4 13. Nb3 Qb6 14. Bf4 Nc5 15. Nxc5
Bxc5 16. Rc1 Rc8 17. Nd2 Ne7 18. Bg5 Ng6 19. Nc4 Qa7 20. Qf3 Rb8 21. Bc6+ Kf8
22. Bxb7 Qxb7 23. Qxb7 Rxb7 24. Na5 Rc7 25. Nb3 Bb6 26. a5 Bxa5 27. Nxa5 Rxc1
28. Rxc1 Ke8 29. Nb3 Kd7 30. Nc5+ Kc6 31. Nxe6+ Kd5 32. Nc7+ Kxe5 33. Nxa6 b3
34. Nb4 Ra8 35. f3 Kf5 36. Bd2 Ne5 37. Kf1 g5 38. Ke2 Ra4 39. Rc5 Ke6 40. Nd3
Nc4 41. Bxg5 1-0

[Event "35th Zalakaros Open 2016"]
[Site "Zalakaros HUN"]
[Date "2016.06.04"]
[Round "9.21"]
[White "Karavade, Eesha"]
[Black "Nagy, Gabor1"]
[Result "1/2-1/2"]
[WhiteTitle "IM"]
[BlackTitle "IM"]
[WhiteElo "2409"]
[BlackElo "2439"]
[WhiteFideId "5012600"]
[BlackFideId "737119"]
[EventDate "2016.05.27"]

1. Nf3 Nf6 2. c4 c5 3. Nc3 Nc6 4. g3 d5 5. d4 e6 6. cxd5 Nxd5 7. Bg2 Ndb4 8. a3
cxd4 9. axb4 Bxb4 10. O-O dxc3 11. Qb3 O-O 12. bxc3 Bc5 13. Bf4 Qe7 14. Ne5 Nxe5
15. Bxe5 f6 16. Bd4 a6 1/2-1/2

[Event "35th Zalakaros Open 2016"]
[Site "Zalakaros HUN"]
[Date "2016.06.04"]
[Round "9.22"]
[White "Gazik, Viktor"]
[Black "Kozak, Adam"]
[Result "1/2-1/2"]
[WhiteTitle "FM"]
[BlackTitle "FM"]
[WhiteElo "2433"]
[BlackElo "2347"]
[WhiteFideId "14928752"]
[BlackFideId "753246"]
[EventDate "2016.05.27"]

1. e4 c5 2. Nc3 d6 3. f4 Nc6 4. Nf3 g6 5. h3 Bg7 6. d3 Rb8 7. g4 h5 8. g5 e6 9.
Bg2 Nge7 10. O-O O-O 11. Be3 b5 12. Rb1 Nd4 13. Bxd4 cxd4 14. Ne2 Qb6 15. Ng3
Bd7 16. Nh4 d5 17. exd5 Nf5 18. Ngxf5 exf5 19. Qd2 Qc5 20. Rfc1 Rfe8 21. Qf2
Rbc8 22. Bf3 Qd6 23. Ng2 Rc5 24. Re1 Rec8 25. Re2 b4 26. Ra1 Qc7 27. Rc1 Bb5 28.
Rd2 Ba6 29. Qe1 Qd8 30. Kh2 Bb7 31. Re2 a5 32. Re7 Bxd5 33. Bxd5 Qxd5 34. Re8+
Bf8 35. Rxc8 Rxc8 36. b3 Bd6 37. Qf2 Qc5 38. Qd2 1/2-1/2

[Event "35th Zalakaros Open 2016"]
[Site "Zalakaros HUN"]
[Date "2016.06.04"]
[Round "9.23"]
[White "Lalic, Bogdan"]
[Black "Piasetski, Leon"]
[Result "1-0"]
[WhiteTitle "GM"]
[BlackTitle "IM"]
[WhiteElo "2431"]
[BlackElo "2292"]
[WhiteFideId "409081"]
[BlackFideId "2600072"]
[EventDate "2016.05.27"]

1. d4 d5 2. c4 c6 3. Nc3 Nf6 4. Nf3 a6 5. c5 Nbd7 6. Bf4 Nh5 7. Bd2 g6 8. e4
dxe4 9. Nxe4 Ndf6 10. Nxf6+ Nxf6 11. Bc4 Bg7 12. O-O O-O 13. h3 Bf5 14. Qb3 Be4
15. Ne5 e6 16. Bc3 Qe7 17. Rfe1 Bd5 18. Rad1 Bxc4 19. Nxc4 Nd5 20. Ba5 Rab8 21.
Qg3 Bh6 22. Re4 Bg7 23. Rd3 Qd7 24. Ne5 Qe7 25. Rb3 Qe8 26. Re1 Qc8 27. h4 h5
28. Qf3 Nf6 29. g3 Qe8 30. Bc7 1-0

[Event "35th Zalakaros Open 2016"]
[Site "Zalakaros HUN"]
[Date "2016.06.04"]
[Round "9.24"]
[White "Nitin, S."]
[Black "Nguyen, Thai Dai Van"]
[Result "1-0"]
[WhiteTitle "IM"]
[BlackTitle "FM"]
[WhiteElo "2377"]
[BlackElo "2438"]
[WhiteFideId "5018277"]
[BlackFideId "358878"]
[EventDate "2016.05.27"]

1. e4 c5 2. Nf3 d6 3. d4 cxd4 4. Qxd4 a6 5. h3 Nc6 6. Qe3 g6 7. c4 Bg7 8. Be2
Nf6 9. Nc3 O-O 10. O-O Nd7 11. Rb1 Nde5 12. Rd1 Nxf3+ 13. Bxf3 Be6 14. b3 Qa5
15. Bb2 Rac8 16. Nd5 Bxb2 17. Rxb2 Qc5 18. Qg5 Kg7 19. Bg4 b5 20. cxb5 axb5 21.
Rc1 Qd4 22. Rbc2 Qxe4 23. Bxe6 fxe6 24. Nb6 Rc7 25. Qe3 Rf4 26. a4 bxa4 27. Qxe4
Rxe4 28. bxa4 Rb4 29. Rxc6 Rb7 30. a5 Ra7 31. Ra1 Ra6 32. Nd5 1-0

[Event "35th Zalakaros Open 2016"]
[Site "Zalakaros HUN"]
[Date "2016.06.04"]
[Round "9.25"]
[White "Del Rio De Angelis, Salvador G."]
[Black "Tompa, Janos"]
[Result "1-0"]
[WhiteTitle "GM"]
[BlackTitle "IM"]
[WhiteElo "2541"]
[BlackElo "2384"]
[WhiteFideId "2203138"]
[BlackFideId "700193"]
[EventDate "2016.05.27"]

1. d4 Nf6 2. c4 e6 3. g3 c5 4. d5 exd5 5. cxd5 g6 6. Bg2 d6 7. e4 Bg7 8. Ne2 O-O
9. O-O Re8 10. Nec3 a6 11. a4 b6 12. h3 Nbd7 13. Be3 Rb8 14. Na3 Qc7 15. Rc1 Nf8
16. Qd3 N6d7 17. Qb1 h6 18. b4 g5 19. b5 a5 20. Nd1 Ng6 21. Nc4 Nde5 22. Nxe5
dxe5 23. Nb2 Bf8 24. Nc4 Bd6 25. Kh2 Kg7 26. Bf3 Rh8 27. Bh5 Bd7 28. Qb2 f6 29.
Bd2 Rbf8 30. Bc3 Kh7 31. Rce1 Ne7 32. Qc2 Rhg8 33. f4 Ng6 34. Bxg6+ Kxg6 35.
fxe5 fxe5 36. Qb2 Rxf1 37. Rxf1 Re8 38. Nxd6 Qxd6 39. Qf2 Qe7 40. Bxe5 Bc8 41.
Bc3 Kh7 42. e5 Kg8 43. Qc2 Rf8 44. Qg6+ Qg7 45. Rxf8+ Kxf8 46. Qxb6 1-0

[Event "35th Zalakaros Open 2016"]
[Site "Zalakaros HUN"]
[Date "2016.06.04"]
[Round "9.27"]
[White "Narayanan, Srinath"]
[Black "Nihal, Sarin"]
[Result "1/2-1/2"]
[WhiteTitle "IM"]
[BlackTitle "FM"]
[WhiteElo "2469"]
[BlackElo "2349"]
[WhiteFideId "5018420"]
[BlackFideId "25092340"]
[EventDate "2016.05.27"]

1. e4 e6 2. d4 d5 3. Nd2 c5 4. Ngf3 cxd4 5. exd5 Qxd5 6. Bc4 Qd6 7. O-O Nf6 8.
Nb3 Nc6 9. Nbxd4 Nxd4 10. Nxd4 a6 11. Re1 Qc7 12. Bf1 Be7 13. Qf3 O-O 14. Bf4
Bd6 15. Bxd6 Qxd6 16. Rad1 Qc7 17. Re3 Rd8 18. Rc3 Qe7 19. Rcd3 Re8 20. h3 Rb8
21. Rb3 Qc7 22. Rc3 Qe7 23. Qg3 Bd7 24. Rc7 Rec8 25. Bxa6 bxa6 26. Nc6 Qc5 27.
b4 Qxc6 28. Rxc6 Bxc6 29. a3 Bd5 30. Rd4 Rb6 31. c4 Bxc4 32. Qc7 Rbb8 33. Qa7
Bb5 34. Rd6 Nd5 35. Kh2 h6 36. Qd4 Rd8 37. Qc5 Rxd6 38. Qxd6 Rb6 39. Qd8+ Kh7
40. Qf8 Rb7 41. Qa8 Rc7 42. Qf8 Kg6 43. h4 Nf6 44. f3 Rc2 45. Qd6 Nd5 46. h5+
Kh7 47. a4 Bf1 48. Kg1 Ne3 49. g4 Rg2+ 50. Kh1 Rf2 51. Qd4 Bg2+ 52. Kh2 Rxf3 53.
Qe4+ f5 54. Qxe6 fxg4 55. Qg6+ Kh8 56. Qe8+ Kh7 57. Qg6+ Kh8 1/2-1/2

[Event "35th Zalakaros Open 2016"]
[Site "Zalakaros HUN"]
[Date "2016.06.04"]
[Round "9.28"]
[White "Romanishin, Oleg M"]
[Black "Thakur, Akash"]
[Result "1-0"]
[WhiteTitle "GM"]
[BlackTitle "FM"]
[WhiteElo "2464"]
[BlackElo "2345"]
[WhiteFideId "14100088"]
[BlackFideId "5008514"]
[EventDate "2016.05.27"]

1. Nf3 d5 2. d4 Nf6 3. c4 c6 4. e3 g6 5. Nc3 Bg7 6. Be2 O-O 7. O-O dxc4 8. Bxc4
Bg4 9. h3 Bxf3 10. Qxf3 Nbd7 11. Rd1 e5 12. d5 e4 13. Nxe4 Nxe4 14. Qxe4 Nb6 15.
Qc2 cxd5 16. Be2 Rc8 17. Qb3 Qf6 18. Rb1 Rfd8 19. Bf3 Qf5 20. Bd2 Nc4 21. Be1 b6
22. Bg4 1-0

[Event "35th Zalakaros Open 2016"]
[Site "Zalakaros HUN"]
[Date "2016.06.04"]
[Round "9.30"]
[White "Raja, Harshit"]
[Black "Nguyen, Piotr"]
[Result "1/2-1/2"]
[BlackTitle "IM"]
[WhiteElo "2329"]
[BlackElo "2446"]
[WhiteFideId "5089000"]
[BlackFideId "1127993"]
[EventDate "2016.05.27"]

1. e4 d6 2. d4 Nf6 3. Nc3 c6 4. a4 Qa5 5. Bd2 e5 6. Nf3 Qc7 7. h3 Be7 8. Bc4 O-O
9. O-O b6 10. Bg5 Nbd7 11. d5 Bb7 12. dxc6 Bxc6 13. Qe2 Rac8 14. b3 h6 15. Bxf6
Nxf6 16. Rfd1 Rfd8 17. Nd2 Bb7 18. Qd3 Qc5 19. Rac1 a6 20. Nd5 Nxd5 21. Bxd5
Bxd5 22. exd5 b5 23. axb5 axb5 24. c4 Qa3 25. Nb1 Qb4 26. cxb5 Rb8 27. Rc7 Bg5
28. Nc3 Rdc8 29. Rc6 Qxb3 30. Ne4 Qxd3 1/2-1/2

[Event "35th Zalakaros Open 2016"]
[Site "Zalakaros HUN"]
[Date "2016.06.04"]
[Round "9.32"]
[White "Csonka, Balazs"]
[Black "Paszewski, Mateusz"]
[Result "1/2-1/2"]
[WhiteTitle "FM"]
[WhiteElo "2400"]
[BlackElo "2218"]
[WhiteFideId "742910"]
[BlackFideId "1141058"]
[EventDate "2016.05.27"]

1. Nf3 d5 2. g3 c6 3. Bg2 Bg4 4. b3 Nf6 5. Bb2 e6 6. O-O Bd6 7. h3 Bxf3 8. exf3
O-O 9. f4 Nbd7 10. d4 Rc8 11. Nd2 1/2-1/2

[Event "35th Zalakaros Open 2016"]
[Site "Zalakaros HUN"]
[Date "2016.06.04"]
[Round "9.33"]
[White "Konopka, Michal"]
[Black "Marosi, Levente"]
[Result "1/2-1/2"]
[WhiteTitle "IM"]
[BlackTitle "FM"]
[WhiteElo "2418"]
[BlackElo "2318"]
[WhiteFideId "308633"]
[BlackFideId "747181"]
[EventDate "2016.05.27"]

1. Nf3 Nf6 2. c4 g6 3. g3 Bg7 4. Bg2 O-O 5. d4 d6 6. O-O Nbd7 7. Nc3 e5 8. h3
Re8 9. e4 exd4 10. Nxd4 a6 11. Be3 Rb8 12. a4 Ne5 13. b3 Nfd7 14. f4 Nc6 15. Qd2
Nc5 16. Rab1 Bd7 17. Rfe1 Nb4 18. Kh2 a5 19. Bg1 h5 20. h4 Ncd3 21. Rf1 c5 22.
Ndb5 Bg4 23. Nd5 f5 24. Nxb4 Nxb4 25. Rbe1 Bf8 26. exf5 Rxe1 27. Rxe1 Bxf5 28.
Be4 Qf6 29. Nc7 Rc8 30. Nd5 Nxd5 31. Qxd5+ Kh8 32. Bxf5 Qxf5 33. Qxb7 Bg7 34.
Qe4 Qg4 35. Qe6 Rb8 36. Qxg4 hxg4 37. Re3 Kg8 38. Rd3 Rb6 39. Be3 Kf7 40. Bd2
Ra6 41. Kg2 Bd4 42. Bc3 Bxc3 43. Rxc3 Rb6 44. Kf2 Kf6 45. Ke2 Kf5 46. Re3 Rb8
47. Kd2 Kf6 48. Kc3 Rd8 49. Kd3 Rb8 50. Kd2 Kf5 51. Kc2 Rb7 52. Re8 Rb6 53. Kb2
Rc6 54. Kc3 Ra6 55. Re7 Rc6 56. Re1 Rb6 57. Re2 Rc6 58. Re7 Ra6 59. Re8 Rc6 60.
Kd3 Rb6 61. Rf8+ Ke6 62. Kc3 Ra6 63. Kb2 Ra7 64. Kc2 Ra6 65. Kd3 Rb6 66. Kc3 Ra6
67. Rb8 Kf6 68. Kd3 Kf5 69. Rb7 Rc6 70. Rf7+ Ke6 71. Rg7 Kf6 72. Rb7 Kf5 73. Rb5
Ra6 74. Ke3 Ra7 75. Kd3 Ra6 76. Rb8 Rc6 77. Rb7 Ra6 78. Rb5 Ra7 79. Rb6 Rd7 80.
Ra6 Rb7 81. Kc3 Ke4 82. Rxd6 Kf3 83. Rd5 Rc7 84. Rd3+ Kf2 85. Kc2 Rc6 86. Kd2
Re6 87. Rd5 Rc6 88. Rd3 Re6 89. Rd5 Rc6 90. Rd3 1/2-1/2

[Event "35th Zalakaros Open 2016"]
[Site "Zalakaros HUN"]
[Date "2016.06.04"]
[Round "9.34"]
[White "Nasuta, Grzegorz"]
[Black "Loos, Roland"]
[Result "1-0"]
[WhiteTitle "IM"]
[WhiteElo "2413"]
[BlackElo "2316"]
[WhiteFideId "1141686"]
[BlackFideId "4643232"]
[EventDate "2016.05.27"]

1. e4 c6 2. d4 d5 3. Nc3 dxe4 4. Nxe4 Bf5 5. Ng3 Bg6 6. Nh3 Nd7 7. Bc4 Ngf6 8.
c3 e5 9. O-O Bd6 10. f4 exf4 11. Bxf4 Be7 12. Qf3 O-O 13. Rae1 b5 14. Bb3 c5 15.
Qe2 c4 16. Qxe7 cxb3 17. axb3 a5 18. Qe2 Qb6 19. Qd2 Qc6 20. Nf2 Qd5 21. Qd1
Rfe8 22. Nd3 Ne4 23. Qf3 Ndf6 24. Ne5 Nxg3 25. Bxg3 Be4 26. Qe2 Re6 27. Bh4 Bg6
28. Bxf6 gxf6 29. Qf3 Qxf3 30. Nxf3 Bc2 31. Rxe6 fxe6 32. Nd2 Kf7 33. Rc1 Bd3
34. Kf2 e5 35. dxe5 fxe5 36. Nf3 Kf6 37. Rd1 Bc2 38. Rd6+ Ke7 39. Rd5 e4 40. Nd2
b4 41. cxb4 axb4 42. Rd4 Ke6 43. Nxe4 Ke5 44. Ke3 Ra1 45. Rxb4 Re1+ 46. Kd2 Rxe4
47. Rb5+ Kd4 48. Kxc2 Re2+ 49. Kb1 Rxg2 50. Rh5 Rg7 51. Rh4+ Kc5 52. Kc2 Rf7 53.
b4+ Kb5 54. Kb3 Rf3+ 55. Ka2 Rf2 56. Rxh7 Kxb4 57. Rh4+ Kb5 58. Ka3 Kc5 59. Rh5+
Kc6 60. b3 Rc2 61. Kb4 Kb6 62. Rh6+ Kb7 63. Kb5 Rf2 64. Rh7+ Kb8 65. b4 Rf5+ 66.
Ka6 Rf6+ 67. Ka5 Rf2 68. b5 Rf6 69. h4 Kc8 70. h5 Re6 71. h6 Kb8 72. b6 Re1 73.
Rg7 1-0